00750cam a22002173a 45000010005000000030006000050050017000110080041000280400015000690420007000840500007000911000052000982450102001502600029002525060030002815160020003116530072003316530060004038300028004638560041004917716PGUSA20140828083148.0050301s2005||||xxu|||||s|||||000 1 eng d aPGUSAbeng adc 4aPR1 aLytton, Edward Bulwer Lytton, Baron,d1803-187314aThe Last of the Barons — Volume 02h[electronic resource] /cEdward Bulwer Lytton, Baron Lytton bProject Gutenberg,c2005 aPublic domain in the USA. aElectronic text aGreat Britain -- History -- Wars of the Roses, 1455-1485 -- Fiction aWarwick, Richard Neville, Earl of, 1428-1471 -- Fiction 0aProject Gutenbergv771640uhttp://www.gutenberg.org/ebooks/7716